MARC

LEADER 00000nam0a2200000 4500
001 330433
005 20231102004247.0
035 |a (RuTPU)RU\TPU\book\356207 
090 |a 330433 
100 |a 20170405d1969 m y0rusy50 ca 
101 0 |a rus 
102 |a RU 
105 |a a j 001zy 
200 1 |a Задачник по подземной разработке угольных месторождений  |e учебное пособие  |f С. М. Липкович [и др.] 
205 |a 3-е изд., перераб. и доп. 
210 |a Москва  |c Недра  |d 1969 
215 |a 205 с.  |c ил. 
320 |a Библиогр.: с. 202-204 
606 1 |a Угольные месторождения  |x Системы разработки  |x Подземный способ  |x Горно-геологические условия  |2 stltpush  |3 (RuTPU)RU\TPU\subj\62709  |9 79777 
610 1 |a подземная разработка 
610 1 |a вскрытие 
610 1 |a горное давление 
610 1 |a крепление 
610 1 |a очистные забои 
610 1 |a расчет 
610 1 |a резервные линии 
610 1 |a задачники 
610 1 |a учебные пособия 
675 |a 622.333:622.272(075.8)  |v 4 
701 1 |a Липкович  |b С. М.  |g Самуил Моисеевич 
701 1 |a Жизлов  |b Н. И.  |g Николай Ильич 
701 1 |a Сапицкий  |b К. Ф.  |g Константин Федорович 
701 1 |a Дорохов  |b Д. В.  |g Дмитрий Васильевич 
701 1 |a Зборщик  |b М. П.  |g Михаил Павлович 
801 1 |a RU  |b 63413507  |c 20170405 
801 2 |a RU  |b 63413507  |c 20170405  |g RCR 
942 |c BK